Run baby run. (Record no. 14230)

000 -LEADER
fixed length control field 00716nam a2200217 a 4500
001 - CONTROL NUMBER
control field :::00012059$&:&@@
003 - CONTROL NUMBER IDENTIFIER
control field OkBaRHE
005 - DATE AND TIME OF LATEST TRANSACTION
control field 20000607103415.0
008 - FIXED-LENGTH DATA ELEMENTS--GENERAL INFORMATION
fixed length control field s1968 j 000 0 eng u
040 ## - CATALOGING SOURCE
Transcribing agency
100 1# - MAIN ENTRY--PERSONAL NAME
Personal name Cruz, Nicky and Buckingham, Jamie.
245 10 - TITLE STATEMENT
Title Run baby run.
260 ## - PUBLICATION, DISTRIBUTION, ETC. (IMPRINT)
Place of publication, distribution, etc New York, NY., :
Name of publisher, distributor, etc Pyramid Books
Date of publication, distribution, etc c1968
300 ## - PHYSICAL DESCRIPTION
Extent 240 p. ;
Dimensions 21 cm.
650 ## - SUBJECT ADDED ENTRY--TOPICAL TERM
Topical term or geographic name as entry element Biography
650 ## - SUBJECT ADDED ENTRY--TOPICAL TERM
Topical term or geographic name as entry element Cruz, Nicky.
700 ## - ADDED ENTRY--PERSONAL NAME
Personal name Buckingham, Jamie, Joint author.
942 ## - ADDED ENTRY ELEMENTS (KOHA)
Source of classification or shelving scheme
Koha item type Books
Copies
Date checked out Price effective from Current Location Source of classification or shelving scheme Full call number Copy number Date acquired Total Checkouts Withdrawn status Lost status Permanent Location Shelving location Not for loan Barcode Date last seen Damaged status Koha item type
 2010-04-14  BX 8769 .Z8C722010-04-14   RHEMA Bible Training CollegeGeneral Stacks 207622010-04-14 Books
2016-11-082010-04-14RHEMA Bible Training College BX 8769 .Z8C712010-04-141  RHEMA Bible Training CollegeGeneral Stacks 120592016-11-17 Books